000 00551nam a2200217Ia 4500
003 OSt
005 20220926042901.0
006 a|||||r|||| 00| 0
007 ta
008 220923b |||||||| |||| 00| 0 eng d
037 _cGeneral Book
040 _aRTL
_cRTL
_beng
041 _2eng
_aeng
082 _aU11, K2
100 _aDe Jong G
_9346885
245 0 _aChorological differentiation
_b As the fundamental p
260 _c1962
650 _aGeography
942 _hU11, K2
_cGB
_2CC
999 _c670805
_d670805